000 00586nam a2200205Ia 4500
005 20250508161049.0
008 008 250505s9999 xx 000 0 eng d
020 _a0-582-29004-X
037 _aTextual
040 _aFEDL
_beng
_cFEDL
041 _aeng
_2eng
084 _a001.42, WIL
_qFEDL
100 _aWilson M J Ed.
_9133468
245 0 _aSocial and educational research in action: A book of readings
260 _aNew York, USA
_bLongman
_c1978
300 _a355p.
650 _aResearch Methods
942 _cTEXL
_h001.42, WIL
999 _c1368217
_d1368217